| 000 | 00706nam a22002057a 4500 | ||
|---|---|---|---|
| 005 | 20220611094703.0 | ||
| 008 | 220611b ||||| |||| 00| 0 eng d | ||
| 040 | _cAL | ||
| 041 | _aEnglish | ||
| 082 |
_223 _a339.460954 _bINDM |
||
| 100 |
_aIndependent South Asian Commission On Poverty Alleviation _941895 |
||
| 245 | _aMeeting the Challenge: Report of the Independent South Asian Commission on Poverty Alleviation | ||
| 260 | _c1992 | ||
| 300 |
_axiv,154 p. _bPB _c24.5x17.5 cm. |
||
| 650 |
_aPoverty--Government policy _941896 |
||
| 650 |
_aSouth Asia _941897 |
||
| 650 |
_aEconomic policy _941898 |
||
| 700 |
_aINDEPENDENT SOUTH ASIAN COMMISSION ON POVERTY ALLEVIATION _941899 |
||
| 942 |
_2ddc _cGF |
||
| 999 |
_c223339 _d223339 |
||